Statistics for New York Mets Baseball Player Nicknames

Click here to take the quiz!

General Stats

  • This quiz has been taken 638 times
    (62 since last reset)
  • The average score is 6 of 11

Answer Stats

Nickname Player % Correct
ThorNoah Syndergaard
86%
Polar BearPete Alonso
78%
Pizza ManMike Piazza
78%
MookieMookie Wilson
71%
Straw ManDarryl Strawberry
67%
HoJoHoward Johnson
61%
KidGary Carter
49%
MexKeith Hernandez
47%
FonzieEdgardo Alfonzo
43%
Maz/The Italian StallionLee Mazzilli
39%
Billy the KidBilly Wagner
25%

Score Distribution

Percentile by Number Answered

Percent of People with Each Score

Your Score History

You have not taken this quiz since the last reset